Statistics for Minecraft Knowledge: #1: A

Click here to take the quiz!

General Stats

  • This quiz has been taken 19 times
  • The average score is 7 of 10

Answer Stats

HintAnswer% Correct
Edible, a golden ___. Falls from trees or in chests. It can be enchanted as an enchanted golden ___.Apple
93%
You use a bow or crossbow and shoot it. Flint, feather and sticks to craft it.Arrow
93%
A weapon to fight or cut trees. two sticks and 3 of the same ore.Axe
93%
You wear for protection. (and to show off), use ores to craft it.Armor
86%
An _____ geode. Color is purple, and is an ore(mostly)Amethyst
79%
Lives in water, five colors, exists in real life.Axolotl
79%
It's a type of tree, like all wood, it can be made into tools and other stuff.Acacia
57%
Found underground (usually), made of wood, is a structure and can locate chests and spawners.Abandoned Mineshaft
50%
Came out in 1.19, useful, found in woodland mansions or pillager outposts. Carries items if you give it.Allay
50%
Found underground, not useful except for decoration or crafting. Similar to stoneAndesite
36%

Score Distribution

Percentile by Number Answered

Percent of People with Each Score

Your Score History

You have not taken this quiz